| 000 | 00432nam a22001571a 4500 | ||
|---|---|---|---|
| 999 |
_c148319 _d148319 |
||
| 082 |
_aM 801.95 _bDHA/S |
||
| 100 | _aDharmaraj Adatt | ||
| 245 |
_aSoundarya darsanavum samskarika vimarsanavum/ _cby Dharmaraj Adatt. |
||
| 260 |
_aMavelikara: _bAnaswara, _c1995. |
||
| 300 | _a128p. | ||
| 500 | _aDharmaraj Adatt | ||
| 650 | _aLiterary Criticism Malayalam | ||
| 650 | _aLiterature Malayalam | ||
| 650 | _aLiterature | ||
| 942 | _cBK | ||